000 00591nam a2200181Ia 4500
005 20260601193245.0
008 260601s9999||||xx |||||||||||||| ||und||
020 _a978-3-031-53865-0
_qebk
100 _aTula Giannini
245 4 _aThe Arts and Computational Culture: Real and Virtual Worlds
250 _a2024
260 _aHeidelberg, Germany
_bSpringer Nature
_c2024
440 _aSpringer Series on Cultural Computing
650 _aComputer Science
700 _aJonathan P. Bowen
856 _uhttps://link.springer.com/openurl?genre=book&isbn=978-3-031-53865-0
942 _cEB
_2ddc
999 _c56545
_d56545